Bajra kabāṭa / (Record no. 57642)

MARC details
000 -LEADER
fixed length control field 00703cam a2200205 i 4500
001 - CONTROL NUMBER
control field sa 64003017
003 - CONTROL NUMBER IDENTIFIER
control field DLC
005 - DATE AND TIME OF LATEST TRANSACTION
control field 20260227112013.0
008 - FIXED-LENGTH DATA ELEMENTS--GENERAL INFORMATION
fixed length control field 811023s1962 ii 00010 ori
010 ## - LIBRARY OF CONGRESS CONTROL NUMBER
LC control number sa 64003017 //r892
025 ## - OVERSEAS ACQUISITION NUMBER
Overseas acquisition number PL480:I-O-117
050 0# - LIBRARY OF CONGRESS CALL NUMBER
Classification number PK2579.M3
Item number B3 1962
100 10 - MAIN ENTRY--PERSONAL NAME
Personal name Mahanty, Surendra.
245 10 - TITLE STATEMENT
Title Bajra kabāṭa /
Statement of responsibility, etc. Surendra Mahānti.
260 0# - PUBLICATION, DISTRIBUTION, ETC.
Place of publication, distribution, etc. [Kaṭaka :
Name of publisher, distributor, etc. Mithuna rakāśanī :
-- paribeshaṇa, Śāradā Bhabana,
Date of publication, distribution, etc. 1962]
300 ## - PHYSICAL DESCRIPTION
Extent 70 p. ;
Dimensions 19 cm.
500 ## - GENERAL NOTE
General note In Oriya.
500 ## - GENERAL NOTE
General note A play.
500 ## - GENERAL NOTE
General note "Oḍiśā Saṅgīta Ekāḍemī dvārā āyojita caturtha nikhila Utkaḷa nāṭaka utsavare śreshṭha likhita nāṭakarūpe puraskr̥ta."

No items available.

Powered by Koha